Регионална библиотека "Любен Каравелов" - Русе

Двамата каторжници (Запис номер 74982)

MARC детайли
000 -Лидер
Контролно поле с фиксирана дължина 01485nam a2200349 c 4500
003 - Код на организацията, давaща контролен номер
Контролно поле BLK
005 - Дата и час на последна редакция
Контролно поле 20240820175434.0
008 - Елементи от данни с фиксирана дължина
fixed length control field 180408b bul|||||r ||||||| ||bul||
010 ## - Наследен системен номер
LC control number KNG00079389000
020 ## - Международен стандартен номер на книга ISBN
Международен стандартен номер на книга ISBN 954-357-001-9
-- издат.: ЕМАС
040 ## - Източник на каталожния запис
Идентификатор на билиотеката - собственик на записа BLK
041 ## - Код за език
Код за езика на текст/звукозапис или на отделно заглавие Български
Код за езика КДБФ Български
080 ## - УДК
Текстов определител УДК Немска литература
УДК код - определител по УДК 821.112.2
УДК определител -93-31
УДК - код + определител 821.112.2-93-31
100 1# - Редна дума - Автор
Автор Герстекер, Фридрих
Авторска отговорност първи автор
R(LIN) 53702
139 ## - Редно поле
Редна дума Герстекер, Фридрих
Авторски знак Геро - Г 41
245 10 - Сведения за заглавието
Заглавие Двамата каторжници
Подзаглавни данни Приключенски роман от Австралия
Редно поле (дума) Фридрих Герстекер; прев. от нем. Веселин Стаменов Радков.
257 ## - Страна на издаване
Страна на създаване/издаване Германия
260 ## - Област на издателските данни
-- София
Име на издателя, разпространителя и проч. ЕМАС
Година на издаване 2006
Печатница София : Балкан прес
300 ## - Физическа характеристика
Страници 560 с.
Илюстрации и др. с ил.
Размери/Мащаб 20 см
380 ## - Жанр
Жанр Худож. лит.
490 1# - СЕРИИ (Колекции)
Име на серия Вечните приключенски романи
№: серия 21
500 ## - Общи забележки
Забележка Ориг. загл. Die beiden strаflingе / Friedrich Gerstacker. - Съдържа и За автора и неговите книги / Веселин Радков.
590 ## - Забележки на библиотеката, притежаваща документа (RLIN)
Служебно ф
653 ## - Ключова дума – ненормативна
Ключова дума романи
700 1# - Други автори (авторска отговорност)
Лично име Радков, Веселин Стаменов
Автороска отговорност (Описва отношението между автора и произведението) прев. от нем.
9 (RLIN) 365456
852 ## - Местоположение
Форматна сигнатура Цб 236961
856 4# - Електронен адрес и достъп
Електронен формат pdf - файл
Път до файла /url/
856 4# - Електронен адрес и достъп
Електронен формат pdf - файл
Път до файла /url/
942 ## - АРТИКУЛИ
Вид на библиотечния материал Книги
Скрит в OPAC Не
Koha issues (borrowed), all copies 4
944 ## - СЪЗДАВАНЕ И РЕДАКЦИЯ на ЗАПИСА
Създаване/Редакция Създаване
Дата на регистрацията/редакция 19.11.2007
Служител, извършил регистрацията/редакцията 30551
Статус, дата на статуса Бояна Костадинова
944 ## - СЪЗДАВАНЕ И РЕДАКЦИЯ на ЗАПИСА
Създаване/Редакция Редакция
Дата на регистрацията/редакция 20.10.2008
Служител, извършил регистрацията/редакцията
999 ## - СИСТЕМНИ КОНТРОЛНИ НОМЕРА
Koha biblionumber 74982
Koha biblioitemnumber 74982
Наличности
Код за отписване Код за изгубен артикул Код за повреда Коз за рестрикции Код за отдаване Артикулен № Име на библиотеката - собственик Име на библиотеката, в която се намира в момента Статус (Текущо местоположение) Дата на вписване в системата Местоположение - отдел Цена в лева Инвентарен номер Систематично азбучна сигнатура Баркод Номер на екземпляра Цена в евро Служебна бележка Служебен тип на артикула
  Не е изгубен Не е повреден без рестрикции ползва се в читалня 121886 Регионална библиотека "Любен Каравелов" Русе Регионална библиотека "Любен Каравелов" Русе Хранилище 2007-11-19 Хранилище 12.00 120000720009 Цб 236961 120000720009 1 6.14 Дост: Dp Вид: Д N: 31 Дата: 11.07.2007 Книги
  Не е изгубен Не е повреден без рестрикции заемане за дома 121887 Регионална библиотека "Любен Каравелов" Русе Регионална библиотека "Любен Каравелов" Русе Детски отдел 2008-09-29 Детски отдел 12.00 120000729914 ДХ 820/899/Г 41 120000729914 2 6.14 Дост: Pk Вид: Ф N: 8937 Дата: 24.09.2008 Дата инв: 06.08.2015 Бележки инв: Д2015 Книги
  Не е изгубен Не е повреден без рестрикции заемане за дома 121888 Регионална библиотека "Любен Каравелов" Русе Регионална библиотека "Любен Каравелов" Русе Детски отдел 2008-09-29 Детски отдел 12.00 120000729915 ДХ 820/899/Г 41 120000729915 3 6.14 Дост: Pk Вид: Ф N: 8937 Дата: 24.09.2008 Дата инв: 06.08.2015 Бележки инв: Д2015 Книги
  Не е изгубен Не е повреден без рестрикции заемане за дома 121889 Регионална библиотека "Любен Каравелов" Русе Регионална библиотека "Любен Каравелов" Русе Детски отдел 2008-09-30 Детски отдел 12.00 120000729984 ДХ 820/899/Г 41 120000729984 4 6.14 Дост: Pk Вид: Ф N: 8938 Дата: 24.09.2008 Дата инв: 06.08.2015 Бележки инв: Д2015 Книги
Vip Innovations Ltd, Rousse, Bulgaria 2025